000 00558nam a22001697a 4500
005 20251108172400.0
008 250721s1994 xx 000 0 ara d
082 1 4 _a001.6424/نصر
100 1 _aنصرو، مسعود عمر سعيد
245 1 0 _aهياكل البيانات و البرمجة بلغة باسكال /
264 1 _aعمان :
_bدار صفاء للنشر و التوزيع،
_c1994.
300 _a331ص
650 1 7 _aالحواسيب
650 1 7 _aباسكال (لغة برمجة كمبيوتر)
942 _2ddc
_cBK
999 _c77813
_d77813